Способы словообразования в английском языке: к истории вопроса; Межкультурная коммуникация: теория и практика; Ч. 1

Podrobná bibliografie
Parent link:Межкультурная коммуникация: теория и практика: сборник статей X Международной научно-практической конференции "Лингвистические и культурологические традиции образования", 12-14 ноября 2010 г., Томск/ Национальный исследовательский Томский политехнический университет (ТПУ), Энергетический институт (ЭНИН) ; под ред. Н. А. Качалова.— , 2010.— 5-87307-103-9
Ч. 1.— 2010.— С. 9-15
Hlavní autor: Андырхаева Б. К.
Další autoři: Тарасова М. В.
Jazyk:ruština
Vydáno: 2010
Témata:
Médium: MixedMaterials Kapitola
KOHA link:https://koha.lib.tpu.ru/cgi-bin/koha/opac-detail.pl?biblionumber=240177

MARC

LEADER 00000naa2a2200000 4500
001 240177
005 20231031205608.0
035 |a (RuTPU)RU\TPU\book\261426 
035 |a RU\TPU\book\259618 
090 |a 240177 
100 |a 20130619d2010 k y0rusy50 ca 
101 0 |a rus 
102 |a RU 
200 1 |a Способы словообразования в английском языке: к истории вопроса  |f Б. К. Андырхаева, М. В. Тарасова 
320 |a Библиогр.: с. 15 (3 назв.) 
461 0 |0 (RuTPU)RU\TPU\book\251515  |y 5-87307-103-9  |t Межкультурная коммуникация: теория и практика  |o сборник статей X Международной научно-практической конференции "Лингвистические и культурологические традиции образования", 12-14 ноября 2010 г., Томск  |o в 2 ч.  |f Национальный исследовательский Томский политехнический университет (ТПУ), Энергетический институт (ЭНИН) ; под ред. Н. А. Качалова  |d 2010 
463 0 |0 (RuTPU)RU\TPU\book\256743  |t Ч. 1  |v С. 9-15  |d 2010  |p 327 с. 
610 1 |a иностранные языки 
610 1 |a английский язык 
610 1 |a словообразование 
610 1 |a история 
610 1 |a словосочетания 
610 1 |a части речи 
700 1 |a Андырхаева  |b Б. К. 
701 1 |a Тарасова  |b М. В. 
801 1 |a RU  |b 63413507  |c 20130526 
801 2 |a RU  |b 63413507  |c 20130622  |g RCR 
942 |c BK